书目信息 |
| 题名: |
曲终集
|
|
| 作者: | 孙犁 著 | |
| 分册: | ||
| 出版信息: | 天津 百花文艺出版社 1995.11 |
|
| 页数: | 431页 | |
| 开本: | 32开 | |
| 丛书名: | ||
| 单 册: | ||
| 中图分类: | I267 | |
| 科图分类: | ||
| 主题词: | 散文--中国 , 散文--作品综合集--中国 | |
| 电子资源: | ||
| ISBN: | 7-5306-2074-6 | |
| 000 | 00549nam0 2200205 45 | |
| 001 | 0009220576 | |
| 005 | 20000922051420.9 | |
| 010 | @a7-5306-2074-6@d13.80元 | |
| 100 | @a20000922d1995 km y0chiy0120 ea | |
| 101 | 0 | @achi |
| 105 | @a z 000yy | |
| 200 | 1 | @a曲终集@AQu Zhong Ji@f孙犁 著@FSun Li Zhu |
| 210 | @a天津@c百花文艺出版社@d1995.11 | |
| 215 | @a431页@d32开 | |
| 606 | 0 | @a散文@x中国 |
| 606 | 0 | @a散文@x作品综合集@x中国 |
| 690 | @aI267@v3 | |
| 701 | 0 | @a孙犁@4著 |
| 801 | @aCN@bPftUser@c20000922 | |
| 905 | @b211427-431@dI267@eS.323/1@f5 | |
| 曲终集/孙犁 著.-天津:百花文艺出版社,1995.11 |
| 431页;32开 |
| ISBN 7-5306-2074-6:13.80元 |
| ● |
| 相关链接 |
|
|
|
正题名:曲终集
索取号:I267/S.323/1
 
预约/预借
| 序号 | 登录号 | 条形码 | 馆藏地/架位号 | 状态 | 备注 |
| 1 | 211427 | 202114274 | 文学库116/116文学库 6排3列1层/ [索取号:I267/S.323/1] | 在馆 | |
| 2 | 211428 | 202114283 | 社科二线400B/400B社科库 26排1列2层/ [索取号:I267/S.323/1] | 在馆 | |
| 3 | 211429 | 202114292 | 社科二线400B/400B社科库 26排1列2层/ [索取号:I267/S.323/1] | 在馆 | |
| 4 | 211430 | 202114309 | 文学库116/116文学库 6排3列1层/ [索取号:I267/S.323/1] | 在馆 | |
| 5 | 211431 | 202114318 | 社科二线400B/400B社科库 26排1列2层/ [索取号:I267/S.323/1] | 在馆 |